00320nam a2200109Ia 4500008004000000082001200040100004000052245006200092260003900154300001100193440000600204210210b1959 xxu||||| |||| 00| 0 eng d a040/144 aSCOTT (Walter Dill) and Others. Ed. aAmerican peoples encyclopaedia. Vol.3. Banff to Brenner. aChicagobSpencer Press, Inc.c1959 a3-1024 a3